Sang Kancil dengan musang

Bibliographic Details
Main Author: Mohamad Ali Majod
Format: Book
Published: Kuala Lumpur : Utusan Publications & Distributors , 2005
Series:Siri animasi rimba hijau
Subjects:

MARC

LEADER 00000cam a2200000 7i4500
001 0000000637
005 20151222.0
008 070702
020 |a 9676116882 
020 |a 9676116971(set) 
090 0 0 |a JF   |b ANM MAL (573) 
100 0 |a Mohamad Ali Majod 
245 1 0 |a Sang Kancil dengan musang   |c Mohamad Ali Majod 
260 |a Kuala Lumpur :   |b Utusan Publications & Distributors ,   |c 2005 
440 |a Siri animasi rimba hijau 
500 |a Children ages 7-9 years old (orange) 
650 0 |a Animals   |x Fiction 
650 0 |a Children's stories,Malay 
999 |a 0000920718   |b Book   |c Children Collection   |e Cawangan Bukit Gambir 
999 |a 0000920719   |b Book   |c Children Collection   |e Cawangan Bukit Gambir 
999 |a 0000920720   |b Book   |c Children Collection   |e Cawangan Bukit Gambir 
999 |a 0000944820   |b Book   |c Children Collection   |e Cawangan Taman Sri Lambak 
999 |a 0000944821   |b Book   |c Children Collection   |e Cawangan Taman Sri Lambak 
999 |a 0000952295   |b Book   |c Children Collection   |e Cawangan Bandar Penawar 
999 |a 0000957324   |b Book   |c Children Collection   |e Perbadanan Perpustakaan Awam Johor 
999 |a 0000957325   |b Book   |c Children Collection   |e Perbadanan Perpustakaan Awam Johor 
999 |a 0000957326   |b Book   |c Children Collection   |e Perbadanan Perpustakaan Awam Johor 
999 |a 0000957327   |b Book   |c Children Collection   |e Perbadanan Perpustakaan Awam Johor 
999 |a 0000969238   |b Book   |c Children Collection   |e Cawangan Segamat 
999 |a 0000969239   |b Book   |c Teenagers   |e Cawangan Taman Universiti 
999 |a 0000969240   |b Book   |c Children Collection   |e Cawangan Mersing